| 000 | 00740nam a2200229 i 4500 | ||
|---|---|---|---|
| 001 | 10223 | ||
| 003 | ES-MaACL | ||
| 005 | 20230906145837.0 | ||
| 007 | t| | ||
| 008 | 950322s1994 sp ||||1| spa d | ||
| 020 | _a84-7884-143-1 | ||
| 080 | _a061.21 | ||
| 100 | 1 |
_aPuig, Toni. _994245 |
|
| 245 | 1 | 3 |
_aLa Ciudad de las asociaciones _b: dirigir, gestionar y animar las asociaciones de los ciudadanos desde el márketing de servicios / _cToni Puig. |
| 260 |
_aMadrid : _bEditorial Popular, _cD.L. 1994. |
||
| 300 |
_a215 p. ; _c21 cm. |
||
| 490 | 1 |
_aPromoción cultural ; _v31 |
|
| 650 | 1 | 4 |
_aAsociaciones. _910380 |
| 830 | 0 |
_aPromoción cultural ; _v31 _9178654 |
|
| 852 |
_aES-MaACL _jL-17658 _bR.123229 |
||
| 999 |
_c10223 _d10223 |
||